00641 2200241 4500001002100000005001500021035002000036245008600056100001400142250000600156300003100162700002200193260003800215082001000253084001600263020001900279650001600298990001700314990001700331990001700348990001700365990001700382INLIS00000000000018220180905033056 a0010-09180000361 aJurnalistik :bMedia Kreasi Anak-Anak /cPeni, N.H; Penyunting, Rahma N. Djunaidi0 aPeni, N.H a- a51 hlm. :bilus. ;c21 cm.0 aRahma N. Djunaidi aSurabaya :bInsan Cendekia,c2010 a070.4 a070.4 PEN j a9789-9408-82-2 aJurnalistik a00776/P/2018 a00777/P/2018 a00778/P/2018 a00779/P/2018 a00780/P/2018